Movies Quiz

Random Movies or Quote Quiz

AFI Quotes Fill-in-the-Blank Quiz Stats

 Plays Quiz Updated Dec 23, 2018

Challenge
Share
Tweet
Embed
Score 0/50 Timer 07:00
1 Play Today
Quote Word % Correct
'I'm going to make him an _____ he can't refuse.'offer
99.3%
'Frankly my dear, I don't give a _____.'damn
98.7%
'May the _____ be with you.'Force
98.2%
'Toto, I've a feeling we're not in _____ anymore.'Kansas
97.7%
'Go ahead, make my _____.'day
96.9%
'You're gonna need a _____ boat.'bigger
94.9%
'There's no place like _____.'home
94.6%
'Show me the _____!'money
94.6%
'I'll have what she's _____.'having
94.5%
'Mama always said life was like a box of _____. You never know what you're gonna get.'chocolates
94.3%
'Houston, we have a _____.'problem
94.2%
'E.T. _____ home.'phone
94%
'Love means never having to say you're _____.'sorry
93.3%
'I see _____ people.'dead
92.9%
'You can't handle the _____!'truth
92.9%
'You _____ to me?'talkin'
92.6%
'I'll be _____.'back
92.5%
'It's _____! It's _____!'alive
89.6%
'Here's looking at you, _____.'kid
88.6%
'Made it, Ma! Top of the _____.'world
88.2%
'After all, _____ is another day!'tomorrow
88.1%
'They call me _____ Tibbs!'Mister
88%
'_____. James _____.'Bond
87.8%
'I love the smell of _____ in the morning.'napalm
87.5%
'Round up the usual _____.'suspects
86%
Quote Word % Correct
'Louis, I think this is the beginning of a beautiful _____.'friendship
85.3%
'If you _____ it, he will come.'build
84.5%
'Today I consider myself the _____ man on the face of the Earth.'luckiest
83.7%
'What we've got here is failure to _____.'communicate
83.5%
'I'm as _____ as hell, and I'm not going to take this anymore!'mad
82.6%
'Play it, Sam. Play 'As _____ Goes By'.'time
81.4%
'The stuff that _____ are made of.'dreams
81.3%
'We rob _____.'banks
79.5%
'Fasten your seatbelts, it's gonna be a _____ night.'bumpy
79.4%
'You know how to _____, don't you Steve? You just put your lips together and blow.'whistle
77.3%
'Well, nobody's _____.'perfect
77.3%
'You don't understand! I coulda had class. I coulda been a _____. I could've been somebody, instead of a bum, which is what I am.'contender
74.5%
'A census taker once tried to test me. I ate his liver with some fava beans and a nice _____.'Chianti
72%
'Oh, Jerry, don't let's ask for the _____. We have the stars.'moon
71.6%
'_____.'Rosebud
68.2%
'We'll always have _____.'Paris
61.8%
'_____! Hey _____!'Stella
59.6%
'All right Mr. _____, I'm ready for my close-up.'DeMille
51.1%
'_____? We ain't got no _____! We don't need no _____! I don't have to show you any stinking _____!'badges
50.6%
'_____. _____. Come back!'Shane
46.5%
'I'm _____ here! I'm _____ here!'walking
42.1%
'Why don't you come up _____ and see me?'sometime
33.3%
'_____.'Plastics
32.2%
'I AM big! It's the _____ that got small!'pictures
30.5%
'I want to be _____.'alone
20.4%

You're not logged in!

Compare scores with friends on all Sporcle quizzes.
OR
Log In

You Might Also Like...

Show Comments

Extras

Top Quizzes Today


Score Distribution

Your Account Isn't Verified!

In order to create a playlist on Sporcle, you need to verify the email address you used during registration. Go to your Sporcle Settings to finish the process.

Report this User

Report this user for behavior that violates our Community Guidelines.

Details: